Nanoantennas and plaemonics: Modelling, design and fabrication (Record no. 1237826)

MARC details
000 -LEADER
fixed length control field 00832nam a2200253Ia 4500
005 - DATE AND TIME OF LATEST TRANSACTION
control field 20250117103607.0
008 - FIXED-LENGTH DATA ELEMENTS--GENERAL INFORMATION
fixed length control field 008 250103s9999 xx 000 0 eng d
020 ## - INTERNATIONAL STANDARD BOOK NUMBER
International Standard Book Number 9781785618376
037 ## - SOURCE OF ACQUISITION
Stock number Textual
040 ## - CATALOGING SOURCE
Original cataloging agency CSL
Language of cataloging eng
Transcribing agency CSL
041 ## - LANGUAGE CODE
Language code of text/sound track or separate title eng
Source of code eng
084 ## - COLON CLASSIFICATION NUMBER
Classification number C21:(D) R0
Assigning agency CSL
245 #0 - TITLE STATEMENT
Title Nanoantennas and plaemonics: Modelling, design and fabrication
Statement of responsibility, etc. Werner, Douglas H (Ed.); Campbell, Sawyer D (Ed.); Kang, Lei (Ed.)
260 ## - PUBLICATION, DISTRIBUTION, ETC.
Place of publication, distribution, etc. United Kingdom
Name of publisher, distributor, etc. IET
Date of publication, distribution, etc. 2020
300 ## - PHYSICAL DESCRIPTION
Extent xv, 454p. ill.
650 ## - SUBJECT ADDED ENTRY--TOPICAL TERM
Topical term or geographic name entry element Coherent control
9 (RLIN) 734088
650 ## - SUBJECT ADDED ENTRY--TOPICAL TERM
Topical term or geographic name entry element Inverse-design
9 (RLIN) 734089
650 ## - SUBJECT ADDED ENTRY--TOPICAL TERM
Topical term or geographic name entry element Physics
700 ## - ADDED ENTRY--PERSONAL NAME
Personal name Campbell, Sawyer D (Ed.)
9 (RLIN) 734090
700 ## - ADDED ENTRY--PERSONAL NAME
Personal name Kang, Lei (Ed.)
9 (RLIN) 734091
700 ## - ADDED ENTRY--PERSONAL NAME
Personal name Werner, Douglas H (Ed.)
9 (RLIN) 734092
942 ## - ADDED ENTRY ELEMENTS (KOHA)
Koha item type Textual
Classification part C21:(D) R0
Holdings
Withdrawn status Lost status Damaged status Not for loan Home library Current library Date acquired Source of acquisition Inventory number Total Checkouts Full call number Barcode Date last seen Price effective from Koha item type
        Central Science Library Central Science Library 2025-01-17 Monika Book Distributors 493, 28/12/2023   C21:(D) R0 SL1655776 2025-01-17 2025-01-17 Textual
Copyright @ Delhi University Library System